Ciudades de Portugal - ¡Muerte súbita! - Estadísticas

Estadísticas generales
  • Esta prueba ha sido intentada 154 veces
  • La puntuación promedio es 10 de 20
Answers on the Grid
Answers color-coded by a green-red scale on the quiz's grid according to % correct below.
Braga
Coímbra
Matosinhos
Oporto
Lisboa
Sintra
Seixal
Loures
Faro
Évora
Guimarães
Elvas
Viana do Castelo
Portalegre
Lagos
Vila Nova de Gaia
Miranda do Douro
Fátima
Setúbal
Cascais
Villavicencio
Hendaya
Astorga
Boa Vista
Manaus
Xinzo de Limia
Olivenza
Estepona
A Coruña
Oviedo
Macau
Maturín
João Pessoa
Cebu
Benguela
Matamoros
 
Estadísticas de respuestas
Respuesta % Correcto
Oporto
74%
Lisboa
73%
Braga
66%
Faro
64%
Coímbra
62%
Guimarães
59%
Setúbal
57%
Cascais
53%
Fátima
53%
Vila Nova de Gaia
53%
Sintra
49%
Viana do Castelo
48%
Évora
46%
Matosinhos
40%
Miranda do Douro
40%
Elvas
32%
Seixal
32%
Portalegre
30%
Lagos
27%
Loures
27%
No se encontraron pruebas coincidentes
Distribución de puntuación
Porcentaje de gente con cada puntuación
Porcentaje por número respondido
Historial de tus puntuaciones
No has intentado esta prueba.